Central Library || Chittagong University

Higher mathematics : (Record no. 111352)

MARC details
000 -LEADER
fixed length control field 00497nam a22001697a 4500
003 - CONTROL NUMBER IDENTIFIER
control field BD-ChCU
005 - DATE AND TIME OF LATEST TRANSACTION
control field 20260128122158.0
008 - FIXED-LENGTH DATA ELEMENTS--GENERAL INFORMATION
fixed length control field 260128b bg ||||| |||| 00| 0 ben d
040 ## - CATALOGING SOURCE
Transcribing agency BD-ChCU
082 ## - DEWEY DECIMAL CLASSIFICATION NUMBER
Classification number 510 SUH
100 ## - MAIN ENTRY--PERSONAL NAME
Personal name Suvorov , I .
9 (RLIN) 19849
245 ## - TITLE STATEMENT
Title Higher mathematics :
Remainder of title textbook for technical school , translated from the Russian ./
Statement of responsibility, etc. I , Suvorov.
260 ## - PUBLICATION, DISTRIBUTION, ETC.
Place of publication, distribution, etc. Moscow :
Name of publisher, distributor, etc. Peace publishers ,
Date of publication, distribution, etc. C 1963
300 ## - PHYSICAL DESCRIPTION
Extent 317p
650 #0 - SUBJECT ADDED ENTRY--TOPICAL TERM
Topical term or geographic name entry element Mathematics .
9 (RLIN) 19850
942 ## - ADDED ENTRY ELEMENTS (KOHA)
Source of classification or shelving scheme Dewey Decimal Classification
Koha item type Books
Suppress in OPAC No
Holdings
Withdrawn status Lost status Source of classification or shelving scheme Damaged status Not for loan Home library Current library Shelving location Date acquired Source of acquisition Total Checkouts Full call number Barcode Date last seen Copy number Price effective from Koha item type
    Dewey Decimal Classification     Chittagong University Library Chittagong University Library Science Reading Room 01/28/2026 Purchase   510 SUH 17047 01/28/2026 C-1 01/28/2026 Books
    Dewey Decimal Classification     Chittagong University Library Chittagong University Library Science Reading Room 01/28/2026 Purchase   510 SUH 26401 01/28/2026 C-2 01/28/2026 Books
    Dewey Decimal Classification     Chittagong University Library Chittagong University Library Science Reading Room 01/28/2026 Purchase   510 SUH 87213 01/28/2026 C-3 01/28/2026 Books
    Dewey Decimal Classification     Chittagong University Library Chittagong University Library Science Reading Room 01/28/2026 Purchase   510 SUH 62234 01/28/2026 C-4 01/28/2026 Books
    Dewey Decimal Classification     Chittagong University Library Chittagong University Library Science Reading Room 01/28/2026 Purchase   510 SUH 62235 01/28/2026 C-5 01/28/2026 Books
    Dewey Decimal Classification     Chittagong University Library Chittagong University Library Science Reading Room 01/28/2026 Purchase   510 SUH 62236 01/28/2026 C-6 01/28/2026 Books
    Dewey Decimal Classification     Chittagong University Library Chittagong University Library Science Reading Room 01/28/2026 Purchase   510 SUH 62237 01/28/2026 C-7 01/28/2026 Books
    Dewey Decimal Classification     Chittagong University Library Chittagong University Library Science Reading Room 01/28/2026 Purchase   510 SUH 62238 01/28/2026 C-8 01/28/2026 Books
    Dewey Decimal Classification     Chittagong University Library Chittagong University Library Science Reading Room 01/28/2026 Purchase   510 SUH 89543 01/28/2026 C-9 01/28/2026 Books
    Dewey Decimal Classification     Chittagong University Library Chittagong University Library Science Reading Room 01/28/2026 Purchase   510 SUH 89568 01/28/2026 C-10 01/28/2026 Books
© Copyright 2025. Chittagong University Library, Installation and Maintenance by Prof. Dr. Md. Alamgir, 01711306253